[Event "Cto Equipos Aragon 2013 Preferente I"]
[Site "Aragon"]
[Date "2013.02.23"]
[Round "5.50"]
[White "Naya Sancho, Jose Ignacio"]
[Black "Flores Samperiz, Jorge"]
[Result "1-0"]
[WhiteElo "2130"]
[BlackElo "1994"]
[PlyCount "46"]
[EventDate "2013.??.??"]
[EventType "tourn"]
[EventRounds "9"]
[EventCountry "ESP"]
[WhiteTeam "CCOO Delicias"]
[BlackTeam "Helios B"]

1. d4 Nf6 2. Nf3 d5 3. c4 e6 4. g3 c6 5. Bg2 Nbd7 6. O-O Be7 7. Qc2 O-O 8. Nc3
b6 9. e4 dxe4 10. Nxe4 Nxe4 11. Qxe4 Nf6 12. Qxc6 Bd7 13. Qb7 Rb8 14. Qa6 b5
15. Ne5 bxc4 16. Qxa7 Rb4 17. Bc6 Bc8 18. Bd2 Rxb2 19. Nxc4 Rc2 20. Ba5 Bc5 21.
Qxc5 Rxc4 22. Bxd8 Rxc5 23. dxc5 Rxd8 1-0

[Event "Cto Equipos Aragon 2013 Preferente I"]
[Site "Aragon"]
[Date "2013.02.23"]
[Round "5.51"]
[White "Flores, Francisco"]
[Black "Llanes Luno, Pedro Alfredo"]
[Result "0-1"]
[WhiteElo "1850"]
[BlackElo "2102"]
[PlyCount "84"]
[EventDate "2013.??.??"]
[EventType "tourn"]
[EventRounds "9"]
[EventCountry "ESP"]
[WhiteTeam "Helios B"]
[BlackTeam "CCOO Delicias"]

1. d4 Nf6 2. c4 g6 3. Nc3 Bg7 4. e4 d6 5. Nf3 O-O 6. Be2 e5 7. O-O Nc6 8. d5
Ne7 9. Ne1 Nd7 10. Be3 f5 11. f3 f4 12. Bf2 g5 13. b4 Nf6 14. Rc1 h5 15. c5 b6
16. cxd6 cxd6 17. Nb5 Ne8 18. a4 a6 19. Na3 Bd7 20. Nc4 Nc8 21. a5 b5 22. Nb6
Nxb6 23. Bxb6 Qf6 24. Nd3 Rf7 25. Qd2 g4 26. Bf2 Bh6 27. Kh1 Rg7 28. Rfd1 g3
29. Bg1 Qh4 30. Qe1 Nf6 31. Bf1 Kh8 32. Rc2 Rag8 33. Rdd2 Bg5 34. h3 Nh7 35.
Nf2 Bd8 36. Nd3 Ng5 37. Nf2 Nxf3 38. gxf3 g2+ 39. Bxg2 Rxg2 40. Ng4 Qxe1 41.
Rxg2 hxg4 42. hxg4 Kg7 0-1

[Event "Cto Equipos Aragon 2013 Preferente I"]
[Site "Aragon"]
[Date "2013.02.23"]
[Round "5.52"]
[White "Campo Millan, Diego"]
[Black "Moreno Antonio, Mario"]
[Result "1-0"]
[WhiteElo "2082"]
[BlackElo "1795"]
[PlyCount "64"]
[EventDate "2013.??.??"]
[EventType "tourn"]
[EventRounds "9"]
[EventCountry "ESP"]
[WhiteTeam "CCOO Delicias"]
[BlackTeam "Helios B"]

1. e4 e6 2. d4 d5 3. Nd2 dxe4 4. Nxe4 Nd7 5. Nf3 Ngf6 6. Ng3 Bd6 7. Bd3 O-O 8.
O-O b6 9. Qe2 Bb7 10. c4 c5 11. d5 exd5 12. Nf5 Re8 13. Qd2 Ne5 14. Nxe5 Bxe5
15. Qg5 Ne4 16. Qg4 Bc8 17. cxd5 Bxf5 18. Qxf5 g6 19. Qf3 Nd6 20. Rb1 Qf6 21.
Qxf6 Bxf6 22. Rd1 Bd4 23. Bf4 Ne4 24. Bb5 Re7 25. d6 Re6 26. d7 Nd6 27. Bc6 Rd8
28. Re1 Rf6 29. Bg5 Kf8 30. Bxf6 Bxf6 31. Re8+ Rxe8 32. dxe8=Q+ Nxe8 1-0

[Event "Cto Equipos Aragon 2013 Preferente II"]
[Site "Aragon"]
[Date "2013.02.23"]
[Round "5.54"]
[White "Portero Garnica, Miguel Angel"]
[Black "Sanchez Castro, Roberto"]
[Result "1-0"]
[WhiteElo "2118"]
[BlackElo "2014"]
[PlyCount "55"]
[EventDate "2013.??.??"]
[EventType "tourn"]
[EventRounds "9"]
[EventCountry "ESP"]
[WhiteTeam "Marcos Frechin"]
[BlackTeam "Ibercaja C"]

1. e4 c5 2. Nf3 Nc6 3. d4 cxd4 4. Nxd4 e5 5. Nb5 a6 6. N5c3 h6 7. Nd5 Nf6 8.
Nbc3 Bc5 9. Bd3 d6 10. O-O Nxd5 11. Nxd5 Ne7 12. Bc4 Be6 13. Be3 Bxd5 14. Bxd5
Bxe3 15. fxe3 Nxd5 16. Qxd5 Qc7 17. Rad1 O-O 18. c4 Kh8 19. Rf2 f6 20. b3 Qb6
21. Rd3 Rfd8 22. Rfd2 Rac8 23. Qe6 Rc6 24. Qe7 a5 25. Kf2 Kh7 26. Rd5 a4 27. c5
Rxc5 28. Rxc5 1-0

[Event "Cto Equipos Aragon 2013 Preferente II"]
[Site "Aragon"]
[Date "2013.02.23"]
[Round "5.55"]
[White "Orriach Gonzalez, Juan Manuel"]
[Black "Sancho Cortes, Miguel Angel"]
[Result "1/2-1/2"]
[WhiteElo "1782"]
[BlackElo "2083"]
[PlyCount "67"]
[EventDate "2013.??.??"]
[EventType "tourn"]
[EventRounds "9"]
[EventCountry "ESP"]
[WhiteTeam "Ibercaja C"]
[BlackTeam "Marcos Frechin"]

1. d4 Nf6 2. Bg5 d5 3. Bxf6 exf6 4. e3 Bd6 5. c4 c6 6. a3 Be6 7. Qb3 Qb6 8.
Qxb6 axb6 9. Nd2 f5 10. Ngf3 Nd7 11. Rc1 Be7 12. Bd3 g6 13. O-O O-O 14. Rfd1 h6
15. cxd5 Bxd5 16. Bc4 Nf6 17. Ne5 Rfd8 18. h3 b5 19. Bxd5 Nxd5 20. Nd3 b4 21.
axb4 Nxb4 22. Nxb4 Bxb4 23. Rc4 Bd6 24. Rdc1 Ra2 25. R4c2 Rda8 26. g3 R8a4 27.
Nc4 Bc7 28. b3 Ra6 29. Rxa2 Rxa2 30. Rb1 Rc2 31. Na3 Rc3 32. Nc4 Rc2 33. Na3
Rc3 34. Nc4 1/2-1/2

[Event "Cto Equipos Aragon 2013 Preferente II"]
[Site "Aragon"]
[Date "2013.02.23"]
[Round "5.56"]
[White "Ciriano Lamban, Alejandro"]
[Black "Pellicer Sancho, Rafael Jose"]
[Result "1-0"]
[WhiteElo "1793"]
[BlackElo "1733"]
[PlyCount "183"]
[EventDate "2013.??.??"]
[EventType "tourn"]
[EventRounds "9"]
[EventCountry "ESP"]
[WhiteTeam "Marcos Frechin"]
[BlackTeam "Ibercaja C"]

1. Nf3 Nf6 2. d4 d5 3. g3 g6 4. Bg2 Bg7 5. O-O O-O 6. c4 c6 7. Nc3 Bf5 8. cxd5
cxd5 9. Ne5 Ne4 10. Qb3 Nxc3 11. bxc3 Nc6 12. Bf4 Nxe5 13. Bxe5 Bxe5 14. dxe5
Qc7 15. Qxd5 Qxc3 16. Rac1 Qb2 17. Qxb7 Qxe5 18. Qc7 Qxc7 19. Rxc7 Rab8 20.
Rxa7 Rb2 21. Rxe7 Rxa2 22. Rc1 Be6 23. Bf3 Rd8 24. Rec7 Rad2 25. h4 Bh3 26. Kh2
Be6 27. R7c2 R2d4 28. Ra1 h5 29. Ra8 Kg7 30. Rxd8 Rxd8 31. Kg2 Kf6 32. Be4 Ke5
33. Bd3 Kf6 34. f3 Kg7 35. Kf2 Rd6 36. Rc7 Rd7 37. Rxd7 Bxd7 38. Ke3 Kf6 39.
Kf4 Be6 40. e4 Bb3 41. Bb5 Bd1 42. Bc4 Ba4 43. e5+ Kg7 44. Kg5 Bd7 45. Bd5 Bf5
46. Be4 Be6 47. f4 Bg4 48. f5 gxf5 49. Bxf5 Be2 50. Be4 Bg4 51. Kf4 Kh6 52. Bd5
Kg6 53. Be4+ Kh6 54. Bd3 Be6 55. Bc2 Bg4 56. Bb3 Kg6 57. Bc2+ Kh6 58. Bf5 Bd1
59. Bd7 Kg6 60. Be8 Bg4 61. Bc6 Be6 62. Bf3 Kh6 63. g4 hxg4 64. Bxg4 Bb3 65.
Ke4 Kg6 66. Kd4 Ba2 67. Kc5 Bb3 68. Kd6 Bc4 69. Ke7 Kg7 70. Bd7 Bb3 71. Be8 Bc4
72. h5 Bb3 73. Bxf7 Bd1 74. Bg6 Bg4 75. Ke8 Be6 76. Ke7 Bg4 77. Bf7 Be2 78. h6+
Kxh6 79. Kf6 Bg4 80. Be6 Be2 81. Bd5 Bg4 82. Be4 Bd7 83. Bf5 Bb5 84. e6 Be8 85.
e7 Bb5 86. Bd3 Be8 87. Bf5 Bh5 88. Bd7 Kh7 89. Kg5 Bf7 90. Kf6 Bh5 91. Bf5+ Kg8
92. Bg6 1-0

[Event "Cto Equipos Aragon 2013 Preferente II"]
[Site "Aragon"]
[Date "2013.02.23"]
[Round "5.57"]
[White "Planas Torrea, Francisco Javier"]
[Black "Lopez Guaita, Fernando"]
[Result "1-0"]
[WhiteElo "1996"]
[BlackElo "2027"]
[PlyCount "95"]
[EventDate "2013.??.??"]
[EventType "tourn"]
[EventRounds "9"]
[EventCountry "ESP"]
[WhiteTeam "Ejea"]
[BlackTeam "ONCE C.A. Aragon B"]

1. e4 e5 2. Nf3 Qe7 3. Bc4 g6 4. Nc3 c6 5. d3 Bg7 6. Bg5 Nf6 7. Qd2 d6 8. Bh6
O-O 9. Bxg7 Kxg7 10. h3 b5 11. Bb3 Be6 12. O-O Nbd7 13. Ng5 Nh5 14. d4 Nf4 15.
Nxe6+ fxe6 16. Ne2 Nxe2+ 17. Qxe2 exd4 18. a3 a6 19. f4 c5 20. Rad1 c4 21. Ba2
e5 22. b3 c3 23. b4 Nb6 24. Qg4 Nc4 25. Bxc4 bxc4 26. Rf2 a5 27. f5 Rf6 28. b5
a4 29. h4 Kh8 30. h5 gxh5 31. Qxh5 Rb8 32. Qe2 Qc7 33. Rb1 Qc5 34. Rb4 Rxb5 35.
Rxc4 Rb1+ 36. Kh2 Re1 37. Rxc5 Rxe2 38. Rc8+ Kg7 39. Rxe2 Rf7 40. Rb8 Rc7 41.
Re1 Kf6 42. Rb6 Kg5 43. Kg3 d5 44. Kf3 Rc4 45. f6 dxe4+ 46. Kxe4 Kg6 47. Rf1
d3+ 48. Kxd3 1-0

[Event "Cto Equipos Aragon 2013 Preferente II"]
[Site "Aragon"]
[Date "2013.02.23"]
[Round "5.58"]
[White "Landa Garriga, Francisco Javier"]
[Black "Planas Torrea, Alberto"]
[Result "0-1"]
[WhiteElo "1900"]
[BlackElo "1940"]
[PlyCount "112"]
[EventDate "2013.??.??"]
[EventType "tourn"]
[EventRounds "9"]
[EventCountry "ESP"]
[WhiteTeam "ONCE C.A. Aragon B"]
[BlackTeam "Ejea"]

1. e4 d5 2. exd5 Qxd5 3. Nc3 Qd6 4. d4 Nf6 5. Nf3 a6 6. g3 Bg4 7. h3 Bh5 8. Bg2
Nc6 9. Be3 O-O-O 10. g4 Bg6 11. a3 e5 12. dxe5 Nxe5 13. Qxd6 Bxd6 14. O-O-O
Nfd7 15. Nd2 f5 16. f4 Nf7 17. Nc4 Nf6 18. Bf3 Rhe8 19. g5 Nh5 20. Ne2 Rxe3 21.
Nxe3 Nxf4 22. h4 Re8 23. Rxd6 Nxe2+ 24. Bxe2 Nxd6 25. h5 Rxe3 26. hxg6 hxg6 27.
Kd2 Re7 28. Rg1 Ne4+ 29. Kd3 Kd7 30. Bf3 Kd6 31. Rg2 Ke5 32. Ke3 f4+ 33. Kd3
Rd7+ 34. Ke2 Rd2+ 35. Ke1 Rxg2 36. Bxg2 c6 37. Bh3 b6 38. b4 Nxg5 39. Bd7 c5
40. c4 Nf3+ 41. Ke2 Nd4+ 42. Kd3 a5 43. bxa5 bxa5 44. Bc8 Ne6 45. Bb7 g5 46.
Bf3 Nf8 47. Bg4 Nh7 48. Bd7 Nf6 49. Bc6 g4 50. Bb7 Kf5 51. Bc8+ Kg5 52. Ke2 Kh4
53. Kf2 Ne4+ 54. Kg2 f3+ 55. Kh1 Kg3 56. a4 f2 0-1

[Event "Cto Equipos Aragon 2013 Preferente II"]
[Site "Aragon"]
[Date "2013.02.23"]
[Round "5.59"]
[White "Marcellan Peire, Jesus"]
[Black "Gimeno Diaz, Fernando"]
[Result "1-0"]
[WhiteElo "1879"]
[BlackElo "1891"]
[PlyCount "110"]
[EventDate "2013.??.??"]
[EventType "tourn"]
[EventRounds "9"]
[EventCountry "ESP"]
[WhiteTeam "Ejea"]
[BlackTeam "ONCE C.A. Aragon B"]

1. d4 Nf6 2. c4 c5 3. Nf3 g6 4. Nc3 Bg7 5. g3 O-O 6. Bg2 cxd4 7. Nxd4 Nc6 8.
O-O Nxd4 9. Qxd4 d6 10. Qd2 Qa5 11. a3 a6 12. Nd5 Qd8 13. Qb4 Nxd5 14. cxd5 a5
15. Qb3 a4 16. Qb4 Qc7 17. Bd2 Qc2 18. Bc3 Bxc3 19. bxc3 Qxe2 20. Rfe1 Qa6 21.
Rxe7 Bf5 22. Rxb7 Rac8 23. Rc1 Qe2 24. c4 Rc5 25. Qxa4 Qd2 26. Qd1 Qxd1+ 27.
Rxd1 Rxc4 28. Ra7 Rb8 29. Re1 Rc2 30. Be4 Bxe4 31. Rxe4 Rd2 32. Ree7 Rf8 33.
Ra5 Rc8 34. Raa7 Rf8 35. Red7 Rxd5 36. Ra6 Rb8 37. Rdxd6 Rf5 38. Rd2 h5 39. h4
Kg7 40. a4 Rb1+ 41. Kg2 Ra1 42. Ra7 Ra3 43. Re2 Ra1 44. Re3 Ra2 45. Rf3 Rxf3
46. Kxf3 Kf6 47. a5 Ke6 48. a6 f6 49. Rg7 g5 50. hxg5 fxg5 51. Rh7 h4 52. gxh4
gxh4 53. Rxh4 Kf5 54. Rh6 Ra4 55. Ke3 Ra2 1-0

[Event "Cto Equipos Aragon 2013 Preferente II"]
[Site "Aragon"]
[Date "2013.02.23"]
[Round "5.60"]
[White "Soriano Gracia, Manuel"]
[Black "Merin Flores, Miguel Angel"]
[Result "1-0"]
[WhiteElo "1681"]
[BlackElo "1716"]
[PlyCount "65"]
[EventDate "2013.??.??"]
[EventType "tourn"]
[EventRounds "9"]
[EventCountry "ESP"]
[WhiteTeam "ONCE C.A. Aragon B"]
[BlackTeam "Ejea"]

1. e4 c6 2. d4 d5 3. exd5 cxd5 4. Nf3 Nf6 5. Bf4 Nc6 6. Nbd2 Bg4 7. Nb3 e6 8.
Be2 Be7 9. O-O O-O 10. Re1 Rc8 11. c3 Nh5 12. Be3 Nf6 13. h3 Bf5 14. Nh4 Be4
15. f3 Bg6 16. Nxg6 fxg6 17. Bd3 Nh5 18. Qd2 Bd6 19. Bg5 Qb6 20. Rxe6 Bb8 21.
Rf1 Ng3 22. Rfe1 Qc7 23. Be7 Nxe7 24. Rxe7 Qd6 25. R1e6 Qd8 26. Nc5 Rxc5 27.
dxc5 d4 28. c4 Qc8 29. Qg5 Bf4 30. Rxg6 Bxg5 31. Rgxg7+ Kh8 32. Rxh7+ Kg8 33.
Reg7# 1-0

[Event "Cto Equipos Aragon 2013 Preferente II"]
[Site "Aragon"]
[Date "2013.02.23"]
[Round "5.61"]
[White "Fernandez Rubio, Rafael"]
[Black "Garcia Fernandez, Javier"]
[Result "1-0"]
[WhiteElo "2062"]
[BlackElo "2168"]
[PlyCount "51"]
[EventDate "2013.??.??"]
[EventType "tourn"]
[EventRounds "9"]
[EventCountry "ESP"]
[WhiteTeam "Tauste"]
[BlackTeam "Teruel"]

1. c4 Nf6 2. Nc3 e6 3. g3 d5 4. d4 Bb4 5. Bg2 O-O 6. Qb3 c5 7. dxc5 Nc6 8. Bg5
Nd4 9. Qa4 Bxc5 10. cxd5 Qb6 11. O-O-O Bd7 12. Qc4 exd5 13. Bxd5 Ng4 14. Nf3
Nxf3 15. exf3 Nxf2 16. Bxf7+ Kh8 17. Rxd7 Be3+ 18. Kb1 Bxg5 19. Re1 Rac8 20.
Qe6 Qb4 21. a3 Qa5 22. Re5 Rc5 23. Qd6 Rfc8 24. Be8 Kg8 25. Qe6+ Kh8 26. Qf7
1-0

[Event "Cto Equipos Aragon 2013 Preferente II"]
[Site "Aragon"]
[Date "2013.02.23"]
[Round "5.62"]
[White "Martin Catalan, Juan Vicente"]
[Black "Vera Jimenez, Andres"]
[Result "1-0"]
[WhiteElo "2096"]
[BlackElo "1986"]
[PlyCount "63"]
[EventDate "2013.??.??"]
[EventType "tourn"]
[EventRounds "9"]
[EventCountry "ESP"]
[WhiteTeam "Teruel"]
[BlackTeam "Tauste"]

1. d4 Nf6 2. Nf3 g6 3. Bf4 Bg7 4. e3 c5 5. c3 cxd4 6. exd4 d6 7. Be2 O-O 8.
Nbd2 Nc6 9. O-O Re8 10. Nc4 b5 11. Ne3 a6 12. h3 Bb7 13. a4 Qb6 14. axb5 axb5
15. Qb3 Na7 16. Bc4 e6 17. Be2 Nd7 18. Bg3 Qc6 19. Ra5 Qc7 20. Rfa1 Nc6 21.
Rxa8 Rxa8 22. Rxa8+ Bxa8 23. Qxb5 Na7 24. Qa6 Bc6 25. Nc4 Bf8 26. Nxd6 Nb8 27.
Qa2 Bxd6 28. Bxd6 Qxd6 29. Qxa7 Nd7 30. Qa6 Qd5 31. Bc4 Qe4 32. Bd3 1-0

[Event "Cto Equipos Aragon 2013 Preferente II"]
[Site "Aragon"]
[Date "2013.02.23"]
[Round "5.63"]
[White "Sierra Aguerri, Joaquin"]
[Black "Marin Tolosa, Guillermo"]
[Result "1-0"]
[WhiteElo "1978"]
[BlackElo "1947"]
[PlyCount "91"]
[EventDate "2013.??.??"]
[EventType "tourn"]
[EventRounds "9"]
[EventCountry "ESP"]
[WhiteTeam "Tauste"]
[BlackTeam "Teruel"]

1. e4 c6 2. Nf3 d5 3. exd5 cxd5 4. Ne5 Nc6 5. d4 e6 6. c3 Bd6 7. f4 Nge7 8. Bd3
O-O 9. O-O f6 10. Qh5 Nf5 11. Nxc6 bxc6 12. Nd2 g6 13. Qe2 e5 14. fxe5 fxe5 15.
dxe5 Bc5+ 16. Kh1 Qh4 17. Bxf5 Bxf5 18. Nf3 Qh5 19. Be3 Bxe3 20. Qxe3 Be4 21.
Ng5 Qg4 22. Nxe4 dxe4 23. h3 Qh4 24. Rae1 Rf3 25. Qe2 Rg3 26. Qf2 g5 27. Kh2
Rg4 28. Qxh4 Rxh4 29. g3 Rh6 30. Rxe4 Re8 31. Rf5 Rg6 32. Rg4 Rb8 33. b4 c5 34.
Rfxg5 cxb4 35. Rxg6+ hxg6 36. cxb4 Kf7 37. h4 Rb5 38. Re4 Ke6 39. Kg2 Rd5 40.
a4 Kf5 41. Re2 Ke6 42. Kf3 Rd4 43. Re4 Rd3+ 44. Kf4 a6 45. Rc4 Kd5 46. Rc5+ 1-0

[Event "Cto Equipos Aragon 2013 Preferente II"]
[Site "Aragon"]
[Date "2013.02.23"]
[Round "5.64"]
[White "Abancens Fernandez, Bernardo"]
[Black "Muro Turon, Raul"]
[Result "1/2-1/2"]
[WhiteElo "1580"]
[BlackElo "1862"]
[PlyCount "188"]
[EventDate "2013.??.??"]
[EventType "tourn"]
[EventRounds "9"]
[EventCountry "ESP"]
[WhiteTeam "Teruel"]
[BlackTeam "Tauste"]

1. d4 Nf6 2. c4 e6 3. Nc3 Bb4 4. Qc2 Nc6 5. Nf3 d6 6. Bd2 O-O 7. a3 Bxc3 8.
Bxc3 d5 9. e3 dxc4 10. Bxc4 Nd5 11. Bd2 Qf6 12. Rc1 a6 13. O-O Nb6 14. Bd3 h6
15. b4 Bd7 16. Bc3 Nd5 17. Bb2 Qe7 18. Qd2 Rac8 19. Rfe1 Na7 20. e4 Nf6 21. d5
Rfd8 22. Bd4 Nb5 23. Bc5 Qe8 24. a4 b6 25. Be3 Na7 26. Bxa6 Bxa4 27. Bxc8 Rxc8
28. Bf4 Nb5 29. Qa2 Ra8 30. Bxc7 Nxc7 31. Rxc7 Qd8 32. Qc4 exd5 33. Qc1 Nxe4
34. h3 Qf6 35. Rc8+ Rxc8 36. Qxc8+ Kh7 37. Qa6 Bb3 38. Qd3 Bc4 39. Qc2 g6 40.
Re3 b5 41. Ra3 Kg7 42. Nh2 Qg5 43. f3 Ng3 44. Qb2+ Qf6 45. Qxf6+ Kxf6 46. Kf2
Nf5 47. f4 Nd4 48. Ra1 h5 49. Rb1 Kf5 50. Ke3 Nc2+ 51. Kd2 Nd4 52. g3 h4 53.
g4+ Kxf4 54. Nf1 Nf3+ 55. Kc3 d4+ 56. Kc2 d3+ 57. Kc3 Ng1 58. Nd2 Ne2+ 59. Kb2
Ke3 60. Nf1+ Kf2 61. Nd2 Ke3 62. Nf1+ Kf2 63. Rd1 Ng3 64. Nd2 Ne2 65. Rf1+ Kg2
66. Rf3 Ng3 67. Rf4 Ne2 68. Rf3 Ng3 69. Re3 Kf2 70. Nxc4 bxc4 71. Re7 Ne2 72.
Kb1 Ke1 73. b5 d2 74. Rd7 Nc3+ 75. Kc2 Nxb5 76. Rxd2 Na3+ 77. Kc1 Nb5 78. Rd7
f5 79. gxf5 gxf5 80. Rf7 Nd4 81. Rd7 Nf3 82. Rg7 Kf2 83. Kc2 Ng1 84. Rf7 Nxh3
85. Rxf5+ Kg3 86. Kc3 Nf4 87. Rg5+ Kf3 88. Kxc4 h3 89. Rg8 Ne2 90. Kd3 Ng3 91.
Rf8+ Kg2 92. Ke3 Nf1+ 93. Kf4 h2 94. Rg8+ Kf2 1/2-1/2

[Event "Cto Equipos Aragon 2013 Preferente II"]
[Site "Aragon"]
[Date "2013.02.23"]
[Round "5.65"]
[White "Arinez Bruna, Octavio"]
[Black "Cantin Zaborras, Valentin"]
[Result "1/2-1/2"]
[WhiteElo "2145"]
[BlackElo "2123"]
[PlyCount "85"]
[EventDate "2013.??.??"]
[EventType "tourn"]
[EventRounds "9"]
[EventCountry "ESP"]
[WhiteTeam "El Olivar B"]
[BlackTeam "Ramiro B"]

1. d4 Nf6 2. Nf3 g6 3. Nc3 d5 4. Bf4 Bg7 5. e3 O-O 6. Be2 b6 7. Ne5 Bb7 8. h4
c5 9. h5 Nc6 10. hxg6 hxg6 11. Qd2 Ne4 12. Nxe4 dxe4 13. O-O-O Nxe5 14. Bxe5
Bxe5 15. dxe5 Qxd2+ 16. Rxd2 Rfd8 17. Rhd1 Rxd2 18. Rxd2 Bc6 19. Bc4 e6 20. Rd6
Rc8 21. Rxe6 b5 22. Rxg6+ Kf8 23. Rxc6 Rxc6 24. Bd5 Rc7 25. Bxe4 Re7 26. Bc6 b4
27. f4 f6 28. exf6 Rxe3 29. Kd2 Re6 30. Bf3 Rxf6 31. Ke3 Rd6 32. g4 c4 33. g5
Ra6 34. f5 Rxa2 35. f6 Kf7 36. Bd5+ Kg6 37. Kf4 b3 38. cxb3 cxb3 39. Be4+ Kf7
40. Bd5+ Kg6 41. Be4+ Kf7 42. Bd5+ Kg6 43. Be4+ 1/2-1/2

[Event "Cto Equipos Aragon 2013 Preferente II"]
[Site "Aragon"]
[Date "2013.02.23"]
[Round "5.66"]
[White "Valiente Roy, Jose Javier"]
[Black "Gracia Campo, Carlos Alberto"]
[Result "1/2-1/2"]
[WhiteElo "2031"]
[BlackElo "2043"]
[PlyCount "70"]
[EventDate "2013.??.??"]
[EventType "tourn"]
[EventRounds "9"]
[EventCountry "ESP"]
[WhiteTeam "Ramiro B"]
[BlackTeam "El Olivar B"]

1. d4 Nf6 2. Bg5 g6 3. Bxf6 exf6 4. e3 Bg7 5. g3 O-O 6. Bg2 d5 7. Ne2 c6 8. O-O
Re8 9. Nf4 Nd7 10. Nd2 Nb6 11. Re1 Bf5 12. c3 Qd7 13. Qb3 g5 14. Ne2 Bd3 15. a4
Ba6 16. a5 Nc8 17. Qc2 Nd6 18. b3 f5 19. Bh3 g4 20. Bf1 Bxe2 21. Bxe2 Ne4 22.
Bd3 Qd6 23. Bxe4 fxe4 24. b4 Re6 25. Rab1 Rh6 26. Nf1 Rh3 27. c4 Bf8 28. Rec1
a6 29. b5 axb5 30. cxb5 Rxa5 31. bxc6 bxc6 32. Rb6 Rh6 33. Rxc6 Qxc6 34. Qxc6
Rxc6 35. Rxc6 Kg7 1/2-1/2

[Event "Cto Equipos Aragon 2013 Preferente II"]
[Site "Aragon"]
[Date "2013.02.23"]
[Round "5.67"]
[White "Bailo Remacha, Santiago"]
[Black "Munoz Suarez, Luis Alberto"]
[Result "1-0"]
[WhiteElo "2030"]
[BlackElo "1996"]
[PlyCount "120"]
[EventDate "2013.??.??"]
[EventType "tourn"]
[EventRounds "9"]
[EventCountry "ESP"]
[WhiteTeam "El Olivar B"]
[BlackTeam "Ramiro B"]

1. b3 e5 2. Bb2 Nc6 3. c4 Nf6 4. g3 d5 5. cxd5 Nxd5 6. Bg2 Be7 7. Nc3 Be6 8.
Nf3 O-O 9. O-O f6 10. d4 Nxc3 11. Bxc3 e4 12. Nd2 f5 13. Nc4 Bf6 14. Ne5 Bxe5
15. dxe5 Qe7 16. Qc2 Rad8 17. Rfd1 Qc5 18. Qb2 a5 19. e3 Nb4 20. Bxb4 Qxb4 21.
Qc2 c6 22. Bf1 Qe7 23. Qc3 Rxd1 24. Rxd1 Rd8 25. Rd4 Qc7 26. Qd2 Bd5 27. Bc4
Qxe5 28. Qxa5 Qd6 29. Qb6 Rd7 30. Bxd5+ cxd5 31. Qxd6 Rxd6 32. Rb4 Rd7 33. Kf1
Kf7 34. Ke2 Ke6 35. Kd2 Rc7 36. a4 Ke5 37. Rb5 Kd6 38. b4 g6 39. Rb6+ Ke5 40.
a5 g5 41. Rb5 Kd6 42. h3 Ke5 43. Rc5 Rd7 44. b5 Kd6 45. Rc8 Ke7 46. Kc3 Kd6 47.
Kd4 Ke6 48. b6 Kd6 49. Rc5 Ke6 50. Rc7 Rxc7 51. bxc7 Kd7 52. Kxd5 Kxc7 53. Ke5
Kc6 54. Kxf5 Kb5 55. Kxe4 Kxa5 56. f4 gxf4 57. gxf4 Kb5 58. Kd3 Kc5 59. Kc3 h5
60. e4 h4 1-0

[Event "Cto Equipos Aragon 2013 Preferente II"]
[Site "Aragon"]
[Date "2013.02.23"]
[Round "5.68"]
[White "Salas Calvo, Alberto"]
[Black "Labrador Postigo, Francisco Manuel"]
[Result "1/2-1/2"]
[WhiteElo "1711"]
[BlackElo "1917"]
[PlyCount "63"]
[EventDate "2013.??.??"]
[EventType "tourn"]
[EventRounds "9"]
[EventCountry "ESP"]
[WhiteTeam "Ramiro B"]
[BlackTeam "El Olivar B"]

1. d4 Nf6 2. Nf3 e6 3. c4 b6 4. e3 Bb7 5. Bd3 Ne4 6. O-O Be7 7. Nfd2 f5 8. Bxe4
fxe4 9. Qg4 O-O 10. Nc3 Rf5 11. Ndxe4 h5 12. Qh3 h4 13. d5 Qf8 14. Nd2 exd5 15.
Nxd5 Bxd5 16. cxd5 Rxd5 17. Nf3 Qf6 18. Qg4 Nc6 19. Qc4 Qf7 20. Nxh4 Bxh4 21.
Qxh4 Rf8 22. b3 Ne5 23. Ba3 c5 24. Rad1 Rxd1 25. Rxd1 Ng4 26. Rd2 Qf5 27. Bc1
Nxe3 28. Re2 Ng4 29. Qg5 Qd3 30. Qd2 Qf5 31. Qg5 Qd3 32. Qd2 1/2-1/2

[Event "Cto Equipos Aragon 2013 Preferente II"]
[Site "Aragon"]
[Date "2013.02.23"]
[Round "5.69"]
[White "Cebrian Valverde, Jose Antonio"]
[Black "Pes Mateo, Angel"]
[Result "1/2-1/2"]
[WhiteElo "2129"]
[BlackElo "2029"]
[PlyCount "105"]
[EventDate "2013.??.??"]
[EventType "tourn"]
[EventRounds "9"]
[EventCountry "ESP"]
[WhiteTeam "San Jose"]
[BlackTeam "CCOO Delicias B"]

1. d4 {[%emt 0:00:00]} Nf6 2. c4 d6 3. Nc3 e5 4. dxe5 dxe5 5. Qxd8+ Kxd8 6. Bg5
c6 7. O-O-O+ Nbd7 8. f4 h6 9. Bh4 exf4 10. Bxf6+ gxf6 11. Nh3 Bc5 12. Ne4 Be3+
13. Kc2 Ke7 14. g3 Ne5 15. b3 Bf5 16. Bg2 fxg3 17. hxg3 Rhg8 18. Rdf1 Rxg3 19.
Rxf5 Rxg2 20. Nxf6 Rxe2+ 21. Kb1 Nd3 22. Rd1 Rb2+ 23. Ka1 Rd2 24. Rxd2 Bxd2 25.
Ne4 Be3 26. Kb1 Bd4 27. a3 Rg8 28. Kc2 Ne5 29. Nf4 Rg4 30. Nf6 Rg3 31. Ne2 Rg2
32. Kd1 Rf2 33. Ng8+ Kf8 34. Nxh6 Rxf5 35. Nxf5 Bf2 36. Nf4 Nd7 37. b4 b6 38.
Ke2 Bg1 39. Nd6 Bh2 40. Kf3 Ke7 41. Nc8+ Kf6 42. Nxa7 Ne5+ 43. Ke4 Bxf4 44.
Kxf4 Nxc4 45. Nxc6 Nxa3 46. b5 Nxb5 47. Ne5 Ke6 48. Nc4 Nc7 49. Nxb6 f6 50. Nc4
Nd5+ 51. Kf3 f5 52. Nd2 Nf6 53. Nc4 1/2-1/2

[Event "Cto Equipos Aragon 2013 Preferente II"]
[Site "Aragon"]
[Date "2013.02.23"]
[Round "5.70"]
[White "Dominguez Luzon, Fernando"]
[Black "Gimeno Oteo, Marco Antonio"]
[Result "1/2-1/2"]
[WhiteElo "1992"]
[BlackElo "2119"]
[PlyCount "90"]
[EventDate "2013.??.??"]
[EventType "tourn"]
[EventRounds "9"]
[EventCountry "ESP"]
[WhiteTeam "CCOO Delicias B"]
[BlackTeam "San Jose"]

1. d4 Nf6 2. Nf3 g6 3. c4 Bg7 4. Nc3 O-O 5. e4 d6 6. Be2 e5 7. d5 a5 8. Bg5 Na6
9. Nd2 Nc5 10. O-O Bd7 11. b3 Qc8 12. a3 h6 13. Be3 Bg4 14. f3 Bd7 15. b4 axb4
16. axb4 Rxa1 17. Qxa1 Na6 18. Qa5 Nb8 19. c5 Nh5 20. Rc1 Nf4 21. Bf1 dxc5 22.
bxc5 f5 23. Nb5 fxe4 24. fxe4 Bxb5 25. Qxb5 Nd7 26. c6 bxc6 27. Qxc6 Nf6 28. d6
Qg4 29. Qc4+ Kh7 30. dxc7 Rc8 31. Nf3 Ne8 32. Qf7 Qe6 33. Nxe5 Nh3+ 34. gxh3
Qxe5 35. Qf4 Rxc7 36. Rxc7 Nxc7 37. Qxe5 Bxe5 38. Bc4 Kg7 39. Kg2 g5 40. h4 Kg6
41. Kh3 gxh4 42. Bf2 Ne8 43. Bxh4 Nd6 44. Bd5 Nf7 45. Bg3 Ng5+ 1/2-1/2

[Event "Cto Equipos Aragon 2013 Preferente II"]
[Site "Aragon"]
[Date "2013.02.23"]
[Round "5.71"]
[White "Gutierrez Minguenza, Ruben"]
[Black "Naya Sancho, Juan Manuel"]
[Result "1-0"]
[WhiteElo "2078"]
[BlackElo "1895"]
[PlyCount "45"]
[EventDate "2013.??.??"]
[EventType "tourn"]
[EventRounds "9"]
[EventCountry "ESP"]
[WhiteTeam "San Jose"]
[BlackTeam "CCOO Delicias B"]

1. d4 {[%emt 0:00:00]} d5 2. Nf3 Bg4 3. Ne5 Bf5 4. c4 f6 5. Nf3 Nc6 6. Nc3 e6
7. a3 dxc4 8. e4 Bg4 9. Be3 Qd7 10. Bxc4 Nge7 11. O-O Rd8 12. Rc1 Ng6 13. h3
Bxf3 14. Qxf3 Bd6 15. b4 O-O 16. Qd1 Kh8 17. f4 e5 18. dxe5 fxe5 19. f5 Nf4 20.
g3 Nxh3+ 21. Kg2 g6 22. Be6 Qe7 23. Nd5 1-0